000 00475nam a2200169 a 4500
001 0000-9086
003 ELIB.Books
008 110520 1968
035 _a(ELIB.Books)0000-9235
082 _a225.7
_bGre
100 _aGreen, Michael
245 _aTyndale (The Second Epistle of Peter and the Epistle of Jude
260 _bGrand Rapids: Wm. B. Eerdmans Publishing Co.
_c1968
650 _aReference
942 _2ddc
_cBK
998 _cbat
_e2011-05-20
999 _c9086
_d9086